Statistics for Ultimate FNAF 4 quiz

Click here to take the quiz!

General Stats

  • This quiz has been taken 178 times
  • The average score is 7 of 7

Answer Stats

HintAnswer% Correct
Tall,black,sharp teeth.Nightmare
100%
Tall ears,blue,brokenNightmare bonnie
99%
Cup cake,yellow,red eyedNightmare chica
99%
Brown,top hat,bowtieNightmare freddy
99%
Orange,hook,tongeNightmare foxy
98%
Tiny,chair,red xPlush trap
92%
Chubby,teeth,clawsNightmare Fredbear
88%

Score Distribution

Percentile by Number Answered

Percent of People with Each Score

Your Score History

You have not taken this quiz